000 00570nam a2200229Ia 4500
003 OSt
005 20220924132906.0
006 a|||||r|||| 00| 0
007 ta
008 220923b |||||||| |||| 00| 0 ben d
024 _a253365
037 _cTextual
040 _aARTS
_cARTS
_bben
041 _2ben
_aben
082 _aO157,1:g, H8;K1
100 _aGupta Atul Chandra
_9205276
245 0 _aKavya
260 _c1948
650 _aBENGALI LITERATURE
942 _hO157,1:g, H8;K1
_cTEXL
_2CC
999 _c431974
_d431974